|
|
|
|
| LEADER |
01247nam a2200265 a 4500 |
| 008 |
100525s2009 enka 000 0 eng d |
| 020 |
|
|
|a 9780853698401
|
| 040 |
|
|
|a TxDaS
|c TxDaS
|d OCoLC
|d WU-M
|d OCoLC
|d InU
|d DLC
|d YDXCP
|d OCoLC
|d BD-DhAAL
|
| 082 |
0 |
4 |
|a 615.1141
|2 22
|
| 245 |
0 |
0 |
|a Martindale :
|b the complete drug reference /
|c edited by Sean C. Sweetman.
|
| 246 |
3 |
0 |
|a Complete drug reference
|
| 250 |
|
|
|a 36th ed.
|
| 260 |
|
|
|a London :
|b Pharmaceutical Press,
|c 2009.
|
| 300 |
|
|
|a xiii, 1-2417 p. :
|b ill. ;
|c 29 cm.
|
| 362 |
0 |
|
|a Vol. 1
|
| 541 |
1 |
|
|e 00019043
|
| 650 |
|
0 |
|a Pharmacopoeias.
|
| 650 |
|
0 |
|a Pharmacopoeias
|z Great Britain.
|
| 650 |
|
2 |
|a Pharmacopoeias.
|
| 651 |
|
2 |
|a Great Britain.
|
| 710 |
2 |
|
|a Royal Pharmaceutical Society of Great Britain.
|
| 852 |
4 |
|
|a Ayesha Abed Library
|j General Shelf
|
| 999 |
|
|
|c 8705
|d 8705
|
| 952 |
|
|
|0 0
|1 0
|2 ddc
|4 0
|6 615_114100000000000_MAR_2009
|7 0
|9 10480
|a BRACUL
|b BRACUL
|c GEN
|d 2010-05-25
|e A. H. Development Publishing House
|g 41675.00
|l 0
|o 615.1141 MAR
|p 3010019043
|r 2010-05-25
|t 1
|v 83350.00
|w 2010-05-25
|y BK
|
| 952 |
|
|
|0 0
|1 0
|2 ddc
|4 0
|6 615_114100000000000_MAR_2009
|7 0
|9 10481
|a BRACUL
|b BRACUL
|c GEN
|d 2010-05-25
|e A. H. Development Publishing House
|g 41675.00
|l 0
|o 615.1141 MAR
|p 3010019044
|r 2010-05-25
|t 2
|v 83350.00
|w 2010-05-25
|y BK
|